Intelligent information agents : agent-based information discovery and management on the Internet

Saved in:
Bibliographic Details
Other Authors: Klusch, Matthias 1965- (Editor)
Format: Book
Language:English
Published: Berlin : Springer-Verlag, c1999
Subjects:
Tags: Add Tag
No Tags, Be the first to tag this record!

MARC

LEADER 00000nam a2200000 i 4500
001 1/94766
008 991130s1999 eng d
020 |a 3-540-65112-8 
035 |l 10054976 
040 |a GR-MY-UA  |b gre  |e aacr 
041 0 |a eng 
082 0 |a 006.3 
245 1 0 |a Intelligent information agents :  |b agent-based information discovery and management on the Internet /  |c edited by: Matthias Klusch 
260 |a Berlin :   |b Springer-Verlag,   |c c1999 
300 |a xxiii, 498 p.;  |b ill.;  |c 24 cm. 
504 |a Includes bibliogarphical references and index 
650 0 0 |a Intelligent agents (Computer software) 
650 0 0 |a Internet. 
700 0 |a Klusch, Matthias  |d 1965-  |4 edt 
852 |a INST  |b CHIOS  |e 20000224  |h 006.3 INT  |p 005200018585  |q 005200018585  |t BK  |y 0 
852 |a INST  |b CHIOS  |e 19991206  |h 006.3 INT  |p 005200019362  |q 005200019362  |t BK  |y 0 
852 |a INST  |b SAMOS  |e 19991130  |h 006.3 INT  |p 005300016539  |q 005300016539  |t BK  |y 0 
901 |a BIBL3-1999-3 
901 |a BIBL2-2000-1 
909 |a Σ  |b 069923 
909 |a Χ  |b 074968 
909 |a Χ  |b 070830 
922 |a 3ΕΛΗ  |b 199911  |c ΤΠΕΣ  |d ΠΑΠΑΣΩΤΗΡΙΟΥ 
922 |a 2ΕΛΗ  |b 199911  |c ΤΔΕ  |d ΠΑΠΑΣΩΤΗΡΙΟΥ 
922 |a 2ΕΛΗ  |b 200002  |c ΤΔΕ  |d ΠΑΠΑΣΩΤΗΡΙΟΥ 
950 |a 133-1999-07-20 
950 |a 112-1999-11-03 
970 |a ΠΟΥΡΝΑΡΑΣ  |b ΔΗΜΗΤΡΗΣ  |z 1999/11/30